| 000 | 00832 a2200193 4500 | ||
|---|---|---|---|
| 999 |
_c5595 _d5595 |
||
| 020 | _a0309048451 | ||
| 050 | 0 | 0 | _aQA135.5PER 1993 |
| 110 | _aMathematical Sciences Education Board National Research Council | ||
| 245 | 0 | 0 |
_aMeasuring up : _bprototypes for mathematics assessment / _cMathematical Sciences Education Board, National Research Council. |
| 264 |
_aWashington: _bNational Academy press., _c1993 |
||
| 300 |
_aix, 166 p. : _bill. ; |
||
| 440 | 0 | _aPerspectives on school mathematics | |
| 500 | _alncludes index | ||
| 650 | 0 |
_aMathematics _xStudy and teaching (Elementary) _xEvaluation. |
|
| 650 | 0 |
_aMathematical ability _xTesting. |
|
| 710 | 2 | _aNational Research Council (U.S.). | |
| 942 |
_2lcc _cBK _h135.5 _iPER _kQA |
||